| 000 | 00726cam a2200241 a 4500 | ||
|---|---|---|---|
| 999 |
_c5596 _d5596 |
||
| 001 | 18571 | ||
| 003 | BD-DhUAP | ||
| 005 | 20201222143243.0 | ||
| 008 | 201215s2005 nyua b 001 0 eng | ||
| 020 | _a9814126527 | ||
| 040 |
_aDLC _cDLC _dBD-DhUAP _beng |
||
| 082 | 0 | 0 |
_a631.45 SOI _223 |
| 245 |
_aSoil and water conversation engineering / _cGlenn O. Schwab ... [et al.]. |
||
| 250 | _a4th ed. | ||
| 260 |
_aNew York : _bJohn wiley, _cc2005. |
||
| 300 |
_axiv, 507 pages : _billustrations ; _c24 cm. |
||
| 504 | _aIncludes bibliographical references and index. | ||
| 650 | _aSoil conservation. | ||
| 650 | _aWater conservation. | ||
| 650 | _aAgricultural engineering. | ||
| 700 | _aSchwab, Glenn O. | ||
| 942 |
_2ddc _cBK |
||